| 000 | 00704nam a2200253#a 4500 | ||
|---|---|---|---|
| 001 | 01724 | ||
| 003 | HDC | ||
| 007 | ta | ||
| 008 | 230623s2010 xx 000 0 eng d | ||
| 040 | _aHDC | ||
| 050 |
_aHC445.5 _b .E 2010 |
||
| 245 | 0 |
_aExecutive summary : _bnew economic model for Malaysia. |
|
| 264 |
_aPutrajaya : _bNational Economic Advisory Council, _c2010. |
||
| 300 |
_a34p. : _b ill. ; _c 27cm. |
||
| 505 | _aPart 1. | ||
| 650 |
_aMalaysia _xEconomic conditions. |
||
| 650 |
_aMalaysia _xEconomic policy. |
||
| 710 |
_aMalaysia. _b Jabatan Perdana Menteri. |
||
| 710 | _aNational economic Advisory Council. | ||
| 942 | _2lcc | ||
| 942 | _cBK | ||
| 942 | _kHC445.5 | ||
| 942 | _m .E 2010 | ||
| 999 |
_c23289 _d23289 |
||